[Event "KOS-chT"]
[Site "Pristina"]
[Date "2018.05.08"]
[Round "2.1"]
[White "Zymberi, Astrit"]
[Black "Gjurgjeala, Arsim"]
[Result "0-1"]
[WhiteElo "2118"]
[BlackElo "2094"]
[PlyCount "130"]
[EventDate "2018.05.07"]
[EventType "team-tourn"]
[EventRounds "7"]
[EventCountry "KOS"]
[SourceTitle "EXT 2019"]
[Source "ChessBase"]
[SourceDate "2018.10.10"]
[SourceVersion "1"]
[SourceVersionDate "2018.10.10"]
[SourceQuality "1"]
[WhiteTeam "Drejtesia"]
[BlackTeam "Theranda"]
[WhiteTeamCountry "KOS"]
[BlackTeamCountry "KOS"]

1. d4 Nf6 2. c4 g6 3. f3 Bg7 4. e4 d6 5. Nc3 0-0 6. Be3 Nc6 7. Nge2 e5 8. d5 Ne7 9. g4 Ne8 10. Ng3 c6 11. Bd3 cxd5 12. cxd5 Bd7 13. Qd2 a6 14. 0-0-0 b5 15. Kb1 Nc8 16. Rc1 Nb6 17. Nce2 Qb8 18. h4 f6 19. h5 Rf7 20. hxg6 hxg6 21. Rh2 a5 22. Bh6 Na4 23. Rch1 Qa7 24. Bxg7 Rxg7 25. Rh8+ Kf7 26. R1h7 Rxh7 27. Rxh7+ Ng7 28. Rh1 Qf2 29. Rf1 Qg2 30. g5 f5 31. f4 Nc5 32. Bc2 Re8 33. Rh1 Qf3 34. exf5 Nxf5 35. fxe5 Rxe5 36. Rf1 Rxe2 37. Qxe2 Qxg3 38. Qd2 b4 39. Rh1 Kg7 40. Ka1 b3 41. Bxf5 Bxf5 42. Qd4+ Qe5 43. Qh4 Kf7 44. Re1 Ne4 45. Qh7+ Qg7 46. Qh4 Nc5 47. axb3 Nxb3+ 48. Ka2 Nc5 49. Re3 Nd3 50. Qh2 Nb4+ 51. Kb3 Nxd5 52. Re1 a4+ 53. Ka3 Nb6 54. Qe2 Qe5 55. Qxe5 dxe5 56. Kb4 e4 57. Kb5 Nd5 58. Kxa4 Ke6 59. b4 Ke5 60. Ka5 e3 61. b5 Kd4 62. b6 Bc8 63. Rd1+ Kc4 64. Rb1 e2 65. Rc1+ Nc3 0-1

[Event "KOS-chT"]
[Site "Pristina"]
[Date "2018.05.07"]
[Round "1.1"]
[White "Gjurgjeala, Arsim"]
[Black "Jashari, Ardian"]
[Result "0-1"]
[WhiteElo "2094"]
[BlackElo "2105"]
[PlyCount "66"]
[EventDate "2018.05.07"]
[EventType "team-tourn"]
[EventRounds "7"]
[EventCountry "KOS"]
[SourceTitle "EXT 2019"]
[Source "ChessBase"]
[SourceDate "2018.10.10"]
[SourceVersion "1"]
[SourceVersionDate "2018.10.10"]
[SourceQuality "1"]
[WhiteTeam "Theranda"]
[BlackTeam "Dardania"]
[WhiteTeamCountry "KOS"]
[BlackTeamCountry "KOS"]

1. d4 Nf6 2. c4 e5 3. dxe5 Ng4 4. e4 Nxe5 5. f4 Ng6 6. Be3 Bb4+ 7. Nc3 Qe7 8. Bd3 f5 9. Qc2 Bxc3+ 10. bxc3 0-0 11. Ne2 d6 12. 0-0 Nc6 13. Rae1 Qf7 14. Ng3 Nge7 15. c5 Be6 16. cxd6 cxd6 17. a3 Rac8 18. Qe2 d5 19. exf5 Nxf5 20. Nxf5 Bxf5 21. Bxf5 Qxf5 22. Bc5 Rfd8 23. Qe6+ Qxe6 24. Rxe6 b6 25. Bf2 Kf7 26. Rfe1 Rd7 27. Bh4 Rcc7 28. g4 d4 29. f5 dxc3 30. g5 Ne7 31. Rxe7+ Rxe7 32. Rxe7+ Rxe7 33. g6+ hxg6 0-1

[Event "KOS-chT"]
[Site "Pristina"]
[Date "2017.05.20"]
[Round "4.5"]
[White "Sadiku, Bedri"]
[Black "Gjurgjeala, Arsim"]
[Result "1/2-1/2"]
[WhiteElo "2232"]
[BlackElo "2077"]
[PlyCount "117"]
[EventDate "2017.05.17"]
[EventType "team-tourn"]
[EventRounds "7"]
[EventCountry "KOS"]
[SourceTitle "CBM 178 Extra"]
[Source "ChessBase"]
[SourceDate "2017.06.22"]
[SourceVersion "1"]
[SourceVersionDate "2017.06.22"]
[SourceQuality "1"]
[WhiteTeam "Pristina"]
[BlackTeam "Theranda"]
[WhiteTeamCountry "KOS"]
[BlackTeamCountry "KOS"]

1. Nf3 Nf6 2. d3 d5 3. Nbd2 Bf5 4. g3 Nbd7 5. Nh4 Bg6 6. Bg2 e5 7. 0-0 Bc5 8. e4 c6 9. a3 a5 10. Qe2 0-0 11. Nxg6 hxg6 12. Nb3 Bb6 13. a4 Re8 14. Bg5 Qc7 15. Qf3 dxe4 16. dxe4 Re6 17. Rfd1 Nh7 18. Be3 Bxe3 19. Qxe3 Nhf8 20. Rd3 c5 21. Rc3 Rc6 22. Bh3 b6 23. Nd2 Rd6 24. Rd3 Rxd3 25. Qxd3 Rd8 26. Nc4 Nf6 27. Qe2 N8h7 28. c3 Ng5 29. Bg2 Ne6 30. Rd1 Rxd1+ 31. Qxd1 Qd7 32. Qc2 Qc7 33. b3 Nf8 34. Bf3 N8d7 35. Qd3 Kf8 36. h4 Ke7 37. g4 Ne8 38. g5 Nd6 39. Ne3 Kf8 40. Bg4 c4 41. Nxc4 Nxc4 42. Bxd7 Nd6 43. Bh3 Ke7 44. Bg2 Qc5 45. Bf1 f5 46. gxf6+ gxf6 47. Bg2 f5 48. exf5 gxf5 49. Qg3 e4 50. Bf1 f4 51. Qg7+ Ke8 52. b4 axb4 53. cxb4 Qxb4 54. Qe5+ Kd7 55. Qxf4 Qxa4 56. Qg4+ Ke8 57. Qg8+ Ke7 58. h5 Nf7 59. Qg7 1/2-1/2